| 000 | 01330cam a2200277 4500 | ||
|---|---|---|---|
| 001 | L130536 | ||
| 008 | 020917n2005 000 0 eng u | ||
| 020 | _a1842192388 | ||
| 035 | _a(Sirsi) u130536 | ||
| 041 | 0 | _aeng | |
| 050 | 0 | 4 | _a380.1 $2 18 |
| 110 | 2 |
_aRoyal Institution of Chartered Surveyors _bReal Estate Auction Group _94349 |
|
| 245 |
_aCommon auction conditions _bfor auctions of real estate in England and Wales |
||
| 250 | _a2nd ed. | ||
| 260 |
_aLondon _bRICS _c2005 |
||
| 300 |
_aca. 20p. _c30cm. |
||
| 505 | 0 | _aIntroduction -- Glossary -- The conduct of the auction -- Conditions of sale | |
| 520 | _aComing into force on 1 October 2005 these conditions aim to strike a balance between the contractual needs of the seller and the buyer whilst making it easier use by including all the contract terms in a single document and through the use of simple headings and plain English. | ||
| 520 | _aSupersedes first edition (J119731). | ||
| 520 | _aSuperseded by third edition (ISBN 9781842195291). | ||
| 590 | _aIKA130905 | ||
| 650 | 2 | 4 | _aRICS COMMON AUCTION CONDITIONS FOR AUCTIONS OF REAL ESTATE IN ENGLAND AND WALES |
| 690 |
_aAuctioneering _96218 |
||
| 856 | 4 | 1 |
_uhttps://www.rics.org/site/scripts/download_info.aspx?downloadID=3314 _zView the condition free of charge at www.rics.org... |
| 942 | _n0 | ||
| 999 |
_c104475 _d104475 |
||